00852cam a22002174a 4500020001500000040000800015082002600023100001800049245008000067260003900147300003400186650002500220650001300245700001900258856006000277856006700337856005900404942000700463999001700470952014700487 a0471429724 cDLC00a641 WIL 2004 A038 Or.1 aHeyhoe, Kate.10aHarvesting the dream :bthe rags-to-riches tale of the Sutter Home Winery / aHoboken, N.J. :bJ. Wiley,cc2004. axix, 235 p. :bill. ;c24 cm. 0aWine and wine making 0aWineries1 aHock, Stanley,42uhttp://www.loc.gov/catdir/bios/wiley045/2003014146.html42uhttp://www.loc.gov/catdir/description/wiley039/2003014146.html41uhttp://www.loc.gov/catdir/toc/wiley032/2003014146.html cEK c11463d11463 0010406641_000000000000000_WIL_2004_A038_OR70959337aLBAbLBAcA038d2017-08-02o641 WIL 2004 A038 Or.pA11584r2017-08-02w2017-08-02yEK